| 000 | 00331 a2200109 4500 | ||
|---|---|---|---|
| 001 | 91404 | ||
| 090 |
_c43534 _d43533 |
||
| 245 |
_aTo Fabricate the Scale Down Model of Mushshak Aircraft and Determine its Aerodynamic Parameters _n49 "A" EC |
||
| 260 |
_aKarachi _bNED University _c1998 |
||
| 300 | _a33p | ||
| 500 | _aBE Project Reports | ||
| 942 |
_aCAE NUST _kPR 1300 |
||
| 999 |
_c326477 _d326477 |
||